Top 10 Players NBA 2022 - Statistics

General Stats
  • This quiz has been taken 37 times
  • The average score is 10 of 10
Answer Stats
# Hint Answer % Correct
9 Grizzlies Ja Morant
100%
2 Lakers LeBron James
100%
5 Warriors Stephen Curry
100%
4 76ers Joel Embiid
97%
7 Mavericks Luka Doncic
97%
1 Bucks Giannis Antetokounmpo
94%
8 Clippers Kawhi Leonard
94%
3 Nets Kevin Durant
94%
6 Nuggets Nikola Jokic
94%
10 76ers James Harden
89%
No matching quizzes found
Score Distribution
Percent of People with Each Score
Percentile by Number Answered
Your Score History
You have not taken this quiz